Cerkov, kak žizň božestvennaja (o mitropolitu Antoniv, episkopu Gavrili, A.S. Chomjakovu i proč.)

Bibliographic Details
Format: Book
Language:Russian
Published: Vladimirova Slovakija 1942
Edition:Vypusk 4.
Series:Za veru
Subjects:

MARC

LEADER 00000cam a2200000 a 4500
001 vtls011913845
003 SK-MaSNL
005 20260301225254.0
008 210624s1942 ru grf 000 0 rus
015 |a SNBA1942/09 
020 |q (brožované) 
035 |a F9EFADC1-B9D6-437F-80B6-D52DDC3E3CE6 
035 |a urn:nbn:sk:snk-am3if8t 
035 |a urn:nbn:sk:snk-am00e82d 
040 |a SNK  |b slo  |c SNK  |e AACR2 
041 0 |a rus 
044 |a ru  |c RU  |a xo  |c SK 
072 7 |a 27-1/-2  |x Kresťanská teológia. Dogmatická teológia  |2 konspekt 
080 |a 27-1  |2 2011 
080 |a 27‑722.52  |2 2011 
080 |a (035)  |2 2011 
245 0 0 |a Cerkov, kak žizň božestvennaja  |b (o mitropolitu Antoniv, episkopu Gavrili, A.S. Chomjakovu i proč.) 
250 |a Vypusk 4. 
260 |a Vladimirova  |a Slovakija  |c 1942 
300 |a 31 strán  |c 23 cm 
490 1 |a Za veru 
600 1 7 |a Chomjakov, Aleksej Stepanovič,  |d 1804-1860  |2 SNKMA  |9 98252 
650 0 7 |a biskupi  |2 SNKPH  |9 1760 
650 0 7 |a kresťanská teológia  |2 SNKPH  |9 1804 
655 7 |a príručky  |2 SNKPH  |9 74364 
830 0 |a Za veru  |9 361938 
852 |a Slovenská národná knižnica 
954 |a odborná, vedecká literatúra cudzojazyčná (svetová)  |2 lita 
954 |a duchovná literatúra cudzojazyčná (svetová)  |2 lita 
958 |a TL 
958 |a RK 
958 |a NT 
958 |a RU 
958 |a SP 
958 |a ONDV 
999 |c 950296  |d 952226 
952 |a SNK  |b SNK  |y PREZ  |7 0  |p 17A0845138  |o snkSC 13010  |i snkKSK 185/59  |8 3  |0 0  |1 0  |4 0  |d 2020-01-28  |f 1  |l 0  |r 2025-07-16 00:00:00  |w 2026-02-24